[Event "POL-ch Academic (Women)"]
[Site "Chorzow"]
[Date "2022.04.01"]
[Round "2"]
[White "Knapik, Julia"]
[Black "Cieslak, Wiktoria"]
[Result "0-1"]
[WhiteElo "1648"]
[BlackElo "1938"]
[PlyCount "69"]
[EventDate "2022.04.01"]
[EventType "swiss (rapid)"]
[EventRounds "9"]
[EventCountry "POL"]
[SourceTitle "EXT 2024"]
[Source "ChessBase"]
[SourceDate "2023.10.10"]
[SourceVersion "1"]
[SourceVersionDate "2023.10.10"]
[SourceQuality "1"]

1. e4 c5 2. Nc3 Nc6 3. g3 e6 4. Nge2 Nf6 5. Bg2 Be7 6. d3 d5 7. exd5 exd5 8. d4 cxd4 9. Nxd4 0-0 10. 0-0 Be6 11. a3 a6 12. Re1 Nxd4 13. Qxd4 Rc8 14. Qd1 Bc5 15. Rf1 b5 16. Bg5 h6 17. Bxf6 Qxf6 18. Qf3 Qg6 19. Rad1 Bg4 20. Qxd5 Bxd1 21. Qxd1 Rcd8 22. Qc1 Rfe8 23. Nd1 Re2 24. c3 Rdd2 25. Bf3 Rc2 26. Qf4 Re8 27. Kg2 Qd6 28. Qf5 Rd2 29. b4 Bb6 30. c4 bxc4 31. Nc3 g6 32. Qg4 h5 33. Qh4 Bd8 34. Qh3 Qd4 35. Ne4 0-1

[Event "POL-ch Academic (Women)"]
[Site "Chorzow"]
[Date "2021.05.14"]
[Round "4.7"]
[White "Dwilewicz, Agata"]
[Black "Knapik, Julia"]
[Result "1-0"]
[WhiteElo "1769"]
[BlackElo "1649"]
[PlyCount "83"]
[EventDate "2021.05.14"]
[EventType "swiss (rapid)"]
[EventRounds "9"]
[EventCountry "POL"]
[SourceTitle "CBM 202 Extra"]
[Source "ChessBase"]
[SourceDate "2021.07.31"]
[SourceVersion "1"]
[SourceVersionDate "2021.07.31"]
[SourceQuality "1"]

1. e4 g6 2. d4 Bg7 3. Nf3 c6 4. g3 d5 5. e5 Bg4 6. Bg2 Nh6 7. 0-0 Qc8 8. Bg5 Bh3 9. Qd2 Bxg2 10. Kxg2 Ng8 11. Re1 h5 12. Na3 Bh6 13. c4 dxc4 14. Nxc4 Qf5 15. Bxh6 Rxh6 16. d5 cxd5 17. Qxd5 Nc6 18. Qb5 Qc8 19. e6 f6 20. Rad1 Kf8 21. Qd5 Kg7 22. b3 Rh8 23. Nh4 Nh6 24. Qe4 Qe8 25. Rd7 g5 26. Nf3 Ng8 27. Rxb7 h4 28. gxh4 gxh4 29. Nxh4 Rc8 30. Qg4+ Kh7 31. Nd6 Nh6 32. Qe4+ f5 33. Nxe8 fxe4 34. Nf6+ Kg7 35. Nxe4 Rhg8 36. Ng3 Kf8 37. Rc1 Rg4 38. Kh3 Rd4 39. b4 Rd6 40. b5 Na5 41. Rxc8+ Kg7 42. Rxa7 1-0

[Event "POL-chT U20 2nd League"]
[Site "Szczyrk"]
[Date "2017.07.28"]
[Round "9.46"]
[White "Knapik, Julia"]
[Black "Pluta, Natalia"]
[Result "1/2-1/2"]
[WhiteElo "1747"]
[BlackElo "1795"]
[PlyCount "47"]
[EventDate "2017.07.22"]
[EventType "team-swiss"]
[EventRounds "11"]
[EventCountry "POL"]
[SourceTitle "EXT 2019"]
[Source "ChessBase"]
[SourceDate "2018.10.10"]
[SourceVersion "1"]
[SourceVersionDate "2018.10.10"]
[SourceQuality "1"]

1. e4 c5 2. Nf3 Nc6 3. d3 g6 4. g3 Bg7 5. Bg2 e6 6. 0-0 Nge7 7. Re1 d6 8. Nbd2 0-0 9. a4 Rb8 10. Nc4 b5 11. axb5 Rxb5 12. e5 d5 13. Nd6 Rb8 14. Nxc8 Qxc8 15. c3 Qc7 16. Qe2 Qb6 17. g4 h6 18. Ra2 Qb3 19. Ra3 Qb6 20. Ra2 Qb3 21. Ra3 Qb6 22. Ra2 Qb3 23. Ra3 Qb6 24. Ra2 1/2-1/2

[Event "Polanica Zdroj op-C 52nd"]
[Site "Polanica Zdroj"]
[Date "2016.08.28"]
[Round "2"]
[White "Banasik, Henryk"]
[Black "Knapik, Julia"]
[Result "1/2-1/2"]
[WhiteElo "1903"]
[BlackElo "1627"]
[PlyCount "63"]
[EventDate "2016.08.20"]
[EventType "swiss"]
[EventRounds "9"]
[EventCountry "POL"]
[SourceTitle "CBM 174 Extra"]
[Source "ChessBase"]
[SourceDate "2016.10.10"]
[SourceVersion "1"]
[SourceVersionDate "2016.10.10"]
[SourceQuality "1"]

1. e4 g6 2. Nf3 Bg7 3. Bc4 e5 4. 0-0 Ne7 5. Nc3 0-0 6. d3 d6 7. h3 Nbc6 8. a3 h6 9. Kh2 Kh7 10. g4 Be6 11. Bxe6 fxe6 12. g5 h5 13. Nh4 Nd4 14. Kg2 Nec6 15. Be3 Qe7 16. Ne2 Nxe2 17. Qxe2 Nd4 18. Qd1 Rad8 19. c3 Nc6 20. b4 Rd7 21. Kh1 d5 22. Bc5 Qxg5 23. Bxf8 Qxh4 24. Qf3 Bxf8 25. Qxf8 Qxh3+ 26. Kg1 Qg4+ 27. Kh1 dxe4 28. f4 Qh3+ 29. Kg1 Qg3+ 30. Kh1 Qh3+ 31. Kg1 exd3 32. fxe5 1/2-1/2

[Event "Polanica Zdroj op-C 52nd"]
[Site "Polanica Zdroj"]
[Date "2016.08.28"]
[Round "6"]
[White "Knapik, Julia"]
[Black "Duch, Robert"]
[Result "1/2-1/2"]
[WhiteElo "1627"]
[BlackElo "1796"]
[PlyCount "85"]
[EventDate "2016.08.20"]
[EventType "swiss"]
[EventRounds "9"]
[EventCountry "POL"]
[SourceTitle "CBM 174 Extra"]
[Source "ChessBase"]
[SourceDate "2016.10.10"]
[SourceVersion "1"]
[SourceVersionDate "2016.10.10"]
[SourceQuality "1"]

1. e4 c5 2. Nc3 d6 3. g3 Nc6 4. Bg2 Bd7 5. d3 g6 6. Be3 Bg7 7. Qd2 Nd4 8. Nd1 Bc6 9. c3 Ne6 10. d4 cxd4 11. cxd4 Nc7 12. Ne2 e6 13. Rc1 Ne7 14. Bh6 0-0 15. h4 f5 16. Bxg7 Kxg7 17. Ndc3 fxe4 18. Bxe4 Bxe4 19. Nxe4 d5 20. Ng5 Nc6 21. Nf4 Qf6 22. 0-0 h6 23. Ngh3 Rac8 24. Ne2 Nb5 25. Rcd1 Nd6 26. b3 Nf5 27. Nhf4 Rc7 28. Rfe1 Rfc8 29. b4 Nd8 30. a3 Rc4 31. Rc1 Nxd4 32. Nxd4 Rxd4 33. Qxd4 Qxd4 34. Rxc8 e5 35. Rxd8 exf4 36. g4 Qf6 37. Rd7+ Kf8 38. Rc1 Ke8 39. Rxb7 Qe6 40. Rh7 Qxg4+ 41. Kf1 Kd8 42. Rcc7 Qd1+ 43. Kg2 1/2-1/2

[Event "POL-chT U19 2nd League"]
[Site "Iwonicz"]
[Date "2016.07.31"]
[Round "10.71"]
[White "Knapik, Julia"]
[Black "Winter, Anna"]
[Result "1/2-1/2"]
[WhiteElo "1627"]
[BlackElo "1374"]
[PlyCount "86"]
[EventDate "2016.07.23"]
[EventType "team-swiss"]
[EventRounds "11"]
[EventCountry "POL"]
[SourceTitle "EXT 2019"]
[Source "ChessBase"]
[SourceDate "2018.10.10"]
[SourceVersion "1"]
[SourceVersionDate "2018.10.10"]
[SourceQuality "1"]
[WhiteTeam "Czestochowa UKS Hetman U19"]
[BlackTeam "Krosno KKSz Urania U19"]
[WhiteTeamCountry "POL"]
[BlackTeamCountry "POL"]

1. e4 d5 2. exd5 Qxd5 3. Nf3 c6 4. Be2 Nf6 5. 0-0 Bf5 6. d4 e6 7. c4 Qd6 8. Nc3 Be7 9. Ne5 Nbd7 10. f4 0-0 11. g4 Bg6 12. f5 exf5 13. gxf5 Nxe5 14. dxe5 Qxe5 15. fxg6 hxg6 16. Bf4 Bc5+ 17. Kg2 Qe6 18. Qc2 Rfe8 19. Rae1 Rad8 20. Bg3 Ng4 21. Bxg4 Qxg4 22. a3 Qxc4 23. Rf4 Qa6 24. Ref1 Rf8 25. R1f3 Bd6 26. Ra4 Qb6 27. Bf2 Qc7 28. h3 a6 29. Rg4 Be5 30. Qb3 Rd2 31. Rxg6 Bd4 32. Rg4 Bxf2 33. Rxf2 Rxf2+ 34. Kxf2 Qh2+ 35. Rg2 Qf4+ 36. Kg1 Qe3+ 37. Kf1 Qf3+ 38. Kg1 Qe3+ 39. Kh2 Qf4+ 40. Kh1 Qf1+ 41. Kh2 Qf4+ 42. Kh1 Qf1+ 43. Kh2 Qf4+ 1/2-1/2

[Event "POL Region-ch U13 Girls"]
[Site "Szczyrk"]
[Date "2012.10.21"]
[Round "9.5"]
[White "Klisz, Karolina"]
[Black "Knapik, Julia"]
[Result "1-0"]
[WhiteElo "1336"]
[BlackElo "1289"]
[PlyCount "67"]
[EventDate "2012.10.14"]
[EventType "swiss"]
[EventRounds "9"]
[EventCountry "POL"]
[SourceTitle "EXT 2023"]
[Source "ChessBase"]
[SourceDate "2022.10.05"]
[SourceVersion "1"]
[SourceVersionDate "2022.10.05"]
[SourceQuality "1"]

1. b4 e6 2. Bb2 Nf6 3. a3 b6 4. e3 Bb7 5. d4 g6 6. Nd2 Bg7 7. Ngf3 0-0 8. Bd3 d6 9. 0-0 Nbd7 10. c4 c5 11. b5 a6 12. Qe2 axb5 13. cxb5 Qb8 14. Rac1 Re8 15. e4 d5 16. e5 Ng4 17. h3 Nh6 18. Rfe1 cxd4 19. Nxd4 Nxe5 20. Nc6 Nxc6 21. Bxg7 Kxg7 22. bxc6 Bc8 23. Bb5 Re7 24. c7 Qa7 25. Qe5+ Kg8 26. Qd6 Nf5 27. Qd8+ Kg7 28. Bc6 Qxa3 29. Bxa8 Qxa8 30. g4 Nh6 31. Qxe7 Ng8 32. Qd6 Nf6 33. Qxb6 d4 34. Qb8 1-0